Catálogo
Digital

Catálogo
Digital

Kemmerer en el Ecuador (Record no. 14202)

MARC details
000 -CABECERA
campo de control de longitud fija 02490nam a2200301 4500
003 - IDENTIFICADOR DEL NÚMERO DE CONTROL
campo de control EC-UNACH
005 - FECHA Y HORA DE LA ÚLTIMA TRANSACCIÓN
campo de control 20251119165513.0
006 - CÓDIGOS DE INFORMACIÓN DE LONGITUD FIJA--CARACTERÍSTICAS DEL MATERIAL ADICIONAL
campo de control de longitud fija s||||gr|||| 00| 00
008 - DATOS DE LONGITUD FIJA--INFORMACIÓN GENERAL
campo de control de longitud fija 150116t9999 mx r gr 000 0 spa d
020 ## - NÚMERO INTERNACIONAL ESTÁNDAR DEL LIBRO
Número Internacional Estándar del Libro 9978-67-001-7
040 ## - FUENTE DE LA CATALOGACIÓN
Centro catalogador/agencia de origen EC-UNACH
Centro/agencia transcriptor EC-UNACH
041 ## - CÓDIGO DE LENGUA
Código de lengua del texto/banda sonora o título independiente spa
082 04 - NÚMERO DE LA CLASIFICACIÓN DECIMAL DEWEY
Número de edición 23
Número de clasificación 658.45
Número de documento/Ítem L018340
110 ## - ENTRADA PRINCIPAL--NOMBRE DE ENTIDAD CORPORATIVA
Nombre de entidad corporativa o nombre de jurisdicción como elemento de entrada Flacso
245 ## - MENCIÓN DE TÍTULO
Título Kemmerer en el Ecuador
250 ## - MENCIÓN DE EDICIÓN
Mención de edición Primera edición
264 ## - Producción, publicación, distribución, fabricación y copyright
Lugar de producción, publicación, distribución, fabricación Ecuador
Nombre del de productor, editor, distribuidor, fabricante Flacso
Fecha de de producción, publicación, distribución, fabricación o copyright 1994
300 ## - DESCRIPCIÓN FÍSICA
Extensión 211
505 ## - NOTA DE CONTENIDO CON FORMATO
Nota de contenido con formato INTRODUCCION <br/>1. LA ECONOMIA ECUATORIANA EN LA DECADA DE LOS VEINTE <br/>1. El contexto internacional a partir de 1914 <br/>2. El panorama económico ecuatoriano hasta 1927 <br/>3. Los primeros proyectos de banca central en el<br/>Ecuador <br/>4. Evaluación comparativa de los proyectos propuestos para la creación de un Banco Central<br/>en el Ecuador: desde Flores Jijón en 1890,<br/>hasta Kemmerer en 1927 <br/>11. LA MISION KEMMERER y LA REESTRUCTURACION ECONOMICA DEL PAIS 53<br/>1. Antecedentes <br/>2. Las propuestas de la Misión Kemmerer <br/>a Reorganización Fiscal <br/>b. Restauración del Crédito Nacional <br/>c. Obras Públicas <br/>d. Reorganización Bancaria <br/>III. LA REFORMA MONETARIA y LA CREACION<br/>DEL BANCO CENTRAL <br/>1. El pensamiento monetario de Edwin Kemmerer <br/>2. La Ley de Monedas y la Ley Orgánica del<br/>Banco Central <br/>3. Las operaciones del Banco Central <br/>3.1 Evaluación 4. ~l único cuestionamiento inmediato a las reformas Kemmerianas se origina en el tipo de conversión fijado. <br/>5. Algunas reacciones y protestas previas a<br/>la aprobación de la Ley Orgánica del Banco<br/>Central en 1927. <br/>IV. LA 0RGANIZACION DEL BANCO CENTRAL DEL<br/>ECUADOR, SU GESTION ADMINISTRATIVA y<br/>EL MANEJO DE LA POLITICA MONETARIA ENTRE<br/>1927 Y 1932. <br/>l. La organización del Banco Central. <br/>1.1 La Comisión Organizadora y el Primer<br/>Directorio del Banco Central. <br/>1.2 La gestión administrativa de los Directorios en los años 1927-1932. <br/>2. El manejo de la política monetaria. <br/>2.1 El Patrón Oro y el Modelo de Kemmerer. <br/>2.2 Los indicadores. <br/>2.3 Evaluación de la política. <br/>3. La historia económica y las enseñanzas de<br/>pasadas experiencias. <br/>V. CONCLUSIONES <br/>ANEXOS <br/>FUENTES Y BIBLIOGRAFIA GENERAL <br/>GLOSARIO <br/>INDICE BIOGRAFICO
650 ## - PUNTO DE ACCESO ADICIONAL DE MATERIA--TÉRMINO DE MATERIA
Término de materia o nombre geográfico como elemento inicial CONTEXTO INTERNACIONAL
650 ## - PUNTO DE ACCESO ADICIONAL DE MATERIA--TÉRMINO DE MATERIA
Término de materia o nombre geográfico como elemento inicial RTEORGANIZACIÓN BANCARIA
650 ## - PUNTO DE ACCESO ADICIONAL DE MATERIA--TÉRMINO DE MATERIA
Término de materia o nombre geográfico como elemento inicial EVALUACIÓN
700 ## - PUNTO DE ACCESO ADICIONAL--NOMBRE DE PERSONA
Nombre de persona Rebeca Almeida
942 ## - ELEMENTOS DE PUNTO DE ACCESO ADICIONAL (KOHA)
Fuente del sistema de clasificación o colocación Clasificación Decimal Dewey
Tipo de ítem Koha Libros
999 ## - NÚMEROS DE CONTROL DE SISTEMA (KOHA)
Koha biblionumber 14202
Holdings
Estado de pérdida Fuente del sistema de clasificación o colocación Estado dañado No para préstamo Localización permanente Ubicación/localización actual Ubicación en estantería Fecha de adquisición Fuente de adquisición Número de inventario Total de préstamos Signatura topográfica completa Código de barras Fecha visto por última vez Precio válido a partir de Tipo de ítem Koha Centro de costos
  Clasificación Decimal Dewey     Biblioteca Campus Norte Biblioteca Campus Norte Facultad de Ciencias Políticas y Administrativas - Generalidades 19/11/2025 Transitoria segunda Resolución N°0311-CU-UNACH-SE-ORD-16-09-24 39932973   658.45 ALM L018340 L018340 19/11/2025 19/11/2025 Libros  

Powered by Koha